00476nam a2200145 a 4500008004100000020001500041050001400056100002500070245008400095250001200179260005300191300004200244650002300286700002100309130403s2001 ||||||||||||||||| || u a0030336287 aQC 23 KIR aKirkpatrick, Larry D10aPhysics: a world view. (4th ed.)cby Larry D. Kirkpatrick and Gerald F. Wheeler a4th ed. aPhiladelphia:bHarcourt College Publishersc2001 axxxiii, 699p. various pagings. : ill. aPHYSICS--TEXTBOOKS aWheeler,Gerald F